000 00405nmm a2200157Ia 4500
008 251105s9999||||xx |||||||||||||||||und||
041 _aspa
100 _aLeigh, Allison
245 0 _aNubes de tormenta
264 _a[Madrid, España] :
_bHarlequin,
_c2012
300 _a192 páginas
490 _aJulia
650 _aRomance
856 _uhttps://public.digitaliapublishing.com/a/50317
942 _cCF
999 _c99660
_d99660